000
00278nam a2200121Ia 4500
008
190216s9999||||xx |||||||||||||| ||und||
100
_a
Vishnu Prabhakar
245
0
_a
Hindi-Mukth Gaganmem
260
_b
"Rajpal & Sons, Delhi"
300
_a
222
650
_a
Hindi
942
_c
BK
999
_c
16349
_d
16349